| 000 | 00417nam a2200181Ia 4500 | ||
|---|---|---|---|
| 008 | 210210b1907 xxu||||| |||| 00| 0 eng d | ||
| 041 | _aeng | ||
| 082 | _a430/5 | ||
| 100 | _aCICERO | ||
| 245 | _aOrations of Cicero against Catilina | ||
| 260 |
_aLondon _bMacmillan & Co. Ltd. _c1907 |
||
| 300 | _a168 | ||
| 650 | _aOrations | ||
| 650 | _aCicero | ||
| 650 | _aCatilina | ||
| 650 | _aagainst | ||
| 906 | _a006147 | ||
| 999 |
_c128235 _d128235 |
||